01055nam a2200301 a 4500001001000000003000900010005001700019007000300036008003500039020001500074040003600089082002800125100004600153245008800199264004900287300002800336336002700364337003300391338002800424490002900452500005500481500006500536650002400601650002700625650002900652650002500681700004700706000031502DO-SdBPM20250625125737.0ta110627s2005 dr 001 j spa d a9993442321 aDO-SdBPMbspacBPMSU erdadrda 4aRD863.5bN973e 20052221 aNuñez Guerrero, Sheilly,d1980-eautor 14aLos elementos /cSheilly Nuñez Guerrero ; editor José M. Fernández Pequeño. aSanto Domingo :bEdiciones Ferilibro,c2005. a73 páginas. ;c24 cm. atextobtxt2rdacontent asin mediaciónbn2rdamedia avolumenbnc2rdacarrier1 aEdiciones Ferilibrov67, aII Concurso de Cuento Joven, Feria del Libro 2004. aIncluye datos biograficos de la autora en la contracubierta. 7aCuentos dominicanos 7aLiteratura dominicana.z aShort stories, Dominicanz aDominican literature1 aFernández Pequeño, José M.,eeditor